000 00379 a2200109 4500
001 ART_7087
005 20260410161719.0
008 260409a
245 1 0 _aFundamentación científica de la relación entre modelos y sistemas contables
100 1 _aGarcía Casella, Carlos Luis
773 0 _tContabilidad y auditoría
_g- Año 6, Nº 11 (jun. 2000)
_wREV1723
999 _c16826
_d16826